000 00290nam a2200097Ia 4500
082 _aJ 760.28 HANS
245 0 _aCool printmaking : the art of creativity for kids!
100 _a HANSON, Anders Edina, MN, [c.2009]
_927806
942 _cBK
008 210817s9999 xx 000 0 und d
999 _c105623
_d105622